| 000 | 00583nam a22001817a 4500 | ||
|---|---|---|---|
| 999 |
_c18086 _d18086 |
||
| 003 | AR-CdUCM | ||
| 008 | 190511b ||||| |||| 00| 0 spa d | ||
| 040 |
_aMUNICIPALIDAD PROVINCIAL DEL CUSCO _cBIBLIOTECA MUNICIPAL DEL CUSCO |
||
| 082 |
_a658.3 / _bP19 |
||
| 100 |
_aPalomino, Teodosio A. _938463 |
||
| 245 |
_aRelaciones industriales : _bTeoría y práctica / |
||
| 260 |
_aPerú : _bJuris laboral, _c1989. |
||
| 300 |
_a426 páginas ; _c21 cm. |
||
| 650 |
_aCiencias puras. _920725 |
||
| 650 |
_aIngeniería industrial. _910107 |
||
| 942 |
_2ddc _cLIBROS |
||
| 945 |
_arum _d2019-05-11 |
||